000 00776cam a2200217 4500
001 WB3632-13
008 000000n2000 000 0 eng u
035 _a(Sirsi) u107848
245 _aCompulsory purchase missed opportunity
260 _c2000
490 _aRICS Press Release
_v(pr97) 10 August 2000, (2)
520 _aThe RICS states that the government's compulsory purchase review of laws and procedures has failed to reform or simplify a complicated and lengthy process.
590 _aWB
650 _aCompulsory purchase
_96228
650 _aPLANNING BLIGHT
650 _aGOVERNMENT POLICY
650 _aREFORMS
650 _aRICS
690 _aENVIRONMENTAL AND LAND CONSULTANCY-PLANNING AND DEVELOPMENT-COMPULSORY PURCHASE AND COMPENSATION
942 _n0
999 _c64422
_d64422